Soccer Players by Nickname - Statistics

General Stats
  • This quiz has been taken 48 times
  • The average score is 9 of 24
Answer Stats
Nickname Player % Correct
CR7 Cristiano Ronaldo
95%
Zizou Zinedine Zidane
93%
Chicharito Javier Hernández
80%
O Fenômeno (The Phenomenon) Ronaldo
78%
El Niño Fernando Torres
59%
El Kun Sergio Agüero
59%
The Kaiser Franz Beckenbauer
54%
La Pulga Lionel Messi
49%
Batigol Gabriel Batistuta
46%
Three Lungs Park Ji-sung
34%
Gazza Paul Gascoigne
34%
The Baby-Faced Assassin Ole Gunnar Solskjaer
32%
El Tigre Radamel Falcao
32%
Il Divino Codino (The Divine Ponytail) Roberto Baggio
32%
The Fifth Beatle George Best
27%
El Pipita Gonzalo Higuaín
27%
Dave César Azpilicueta
20%
L'Imperatore (The Emperor) Adriano
12%
The Swan of Utrecht Marco van Basten
12%
El Fideo Ángel di María
10%
El Guaje David Villa
10%
El Buitre Emilio Butragueño
10%
El Pelusa Diego Maradona
2%
El Matador Mario Kempes
2%
No matching quizzes found
Score Distribution
Percent of People with Each Score
Percentile by Number Answered
Your Score History
You have not taken this quiz